| 000 | 01220nam a22002537a 4500 | ||
|---|---|---|---|
| 005 | 20210325204854.0 | ||
| 008 | s2553 th tha d | ||
| 020 | _a9786162050213 | ||
| 041 | _atha | ||
| 050 | _aTK5105.8885.J86 ส349 2553 | ||
| 100 | 0 | _aดอนธนะ โค้วศิริกุลกิจ, บรรณาธิการ | |
| 245 | 1 | 0 | _aสร้างเว็บไซต์สำเร็จรูปใช้งานได้ทันใจด้วย Joomla |
| 260 | 3 |
_aกรุงเทพฯ : _bซัคเซส มีเดีย, _c2553 |
|
| 300 |
_a116 หน้า : _b ภาพประกอบ ; _c 19 ซม. |
||
| 610 | _aบริษัทซัดเซส มีเดีย. | ||
| 650 | 0 | 4 | _aจุมลา (โปรแกรมคอมพิวเตอร์) |
| 650 | 0 | 4 | _aJoomla (Computer program) |
| 650 | 0 | 4 | _aการพัฒนาเว็บไซต์ -- โปรแกรมคอมพิวเตอร์ |
| 850 | _aNALT | ||
| 942 | _cGB | ||
| 997 | _a37634 | ||
| 997 | _c000000000062039 | ||
| 998 | _aนางสาวชัชฎา จูฑะรักษ์ | ||
| 999 |
_c62039 _d62039 |
||